000 00401nam a2200157Ia 4500
008 151213s9999 xx 000 0 und d
020 _a0-13-3767167
100 _aIan Brooks
245 _aBusiness Environment Challenges and Changes
_cIan Brooks
260 _aNew York
_bPrentic Hall
_c1997
300 _a6639 p.
650 _aBusiness
650 _aBusiness
700 _aIan Brooks
999 _c3659
_d3659